书目信息

书名: 走出中世纪 
作者: 朱维铮,
出版信息: 北京   中信出版社  2018
开本页数: 21cm  15, 385页
丛书名:
单 册:
中图分类: B2 K2
科图分类:
主题词: 思想史--si xiang shi--研究--中国--明清时代 , 文化史--wen hua shi--研究--中国--明清时代
电子资源:
ISBN: 978-7-5086-9084-1
000 01105nam0 2200277 45
001 012018000000
005 20181204121212.0
010    @a978-7-5086-9084-1@dCNY58.00
100    @a20181204d2018 em y0chiy50 ea
101 @achi
102    @aCN@b110000
105    @ay z 000yy
106    @ar
200 @a走出中世纪@Azou chu zhong shi ji@f朱维铮[著]
205    @a增订本
210    @a北京@c中信出版社@d2018
215    @a15, 385页@d21cm
314    @a朱维铮(1936-2012),著名历史学家、教育家。生前为复旦大学资深教授、中国思想文化史研究室主任,从教52年,著作十余种。
330    @a本书讨论了从晚明到晚清的思想文化的历史。共分三个部分,第一部分是随想和短论的缀合;第二部分是若干具体历史材料或文学作品的考证;第三部分是在考察中国文化与西方文化遭遇以后,在走出中世纪过程的不同时期,在中国引起怎样的碰撞和变异。
606 @a思想史@Asi xiang shi@x研究@y中国@z明清时代
606 @a文化史@Awen hua shi@x研究@y中国@z明清时代
690    @aB2@v5
690    @aK2@v5
701  0 @a朱维铮,@Azhu wei zheng@f1936-2012@4著
801  0 @aCN@bCDNYKJZYXY@c20181204
905    @aCDNYKJZYXY@b544262-4@dB2@e221@f3
    
    走出中世纪/朱维铮[著].-增订本.-北京:中信出版社,2018
    15, 385页;21cm
    
    
    ISBN 978-7-5086-9084-1:CNY58.00
    本书讨论了从晚明到晚清的思想文化的历史。共分三个部分,第一部分是随想和短论的缀合;第二部分是若干具体历史材料或文学作品的考证;第三部分是在考察中国文化与西方文化遭遇以后,在走出中世纪过程的不同时期,在中国引起怎样的碰撞和变异。
相关链接 在五车中查询图书 在当当中查询图书 在豆瓣中查询图书


正题名:走出中世纪     索取号:B2/221         预约/预借

序号 登录号 条形码 馆藏地/架位号 状态 备注
1 544262   300544262   柳城-5楼/26架10列1层/ [索取号:B2/221] 在馆    
2 544263   300544263   柳城-5楼/26架10列1层/ [索取号:B2/221] 在馆    
3 544264   300544264   海科密-1楼/2架10列5层/ [索取号:B2/221] 在馆